Bedeutende Ereignisse nach Jahr 1910-1929 - Statistiken

Allgemein
  • Dieses Quiz wurde 164 mal gespielt
  • Das Durchschnittsergebnis liegt bei 13 aus 20
Antwortstatistiken
Jahr Hinweis Antwort % Korrekt
1912 Ozeandampfer, der mit einem Eisberg kollidierte und sank Titanic
95%
1924 Sowjetischer Führer, der starb, was zu einem Machtkampf zwischen Stalin und Trotzky führte V. I. Lenin
92%
1910 Land, das durch die Vereinigung der Kolonien Kapstadt, Natal, Transvaal und Orange River entstand Südafrika
90%
1919 Vertrag, der den Krieg zwischen Deutschland und den Alliierten offiziell beendete Vertrag von {Versailles}
88%
1917 Land, indem Bolschewisten die Regierung stürzten Russland
86%
1918 Pandemie, die mindestens 1% der damaligen Weltbevölkerung auslöschte {Spanische} Grippe
86%
1914 Erzherzog, dessen Ermordung den Ersten Weltkrieg auslöste Franz Ferdinand
84%
1916 Reich im Mittleren Osten, bei dem Frankreich und Großbritannien heimlich zustimmten, es nach dem Ersten Weltkrieg unter sich aufzuteilen {Osmanisches} Reich
84%
1923 Politiker, der wegen seiner Rolle im Bürgerbräuputsch zu einer Haftstrafe verurteilt wurde Adolf Hitler
75%
1911 Ort, den der Entdecker Roald Amundsen als erster besuchte Südpol
73%
1928 Figur, die erstmals in dem animierten Kurzfilm "Steamboat Willie" auftauchte Micky Maus
69%
1922 Reich, das seine größte Ausdehnung erreichte - Es bedeckt 20% der Landfläche der Welt {Britisches} Weltreich
68%
1925 Gangster, der das Chicago Outfit Verbrechersyndikat übernahm Al Capone
60%
1926 Entfesselungskünstler, der an einem Blinddarmriss starb Harry Houdini
56%
1915 Völkermord, der mit der Verhaftung von 250 Intellektuellen in Konstantinopel begann Völkermord an den {Armeniern}
52%
1920 Gescheiteter Vorgänger der Vereinten Nationen, indem die Staaten zum ersten Mal zusammentraten Völkerbund
45%
1913 Ehemaliger Professor, der Präsident der USA wurde Woodrow Wilson
42%
1927 Erste Person, die Non-Stop von New York nach Paris geflogen ist Charles Lindbergh
38%
1929 Wirtschaftskrise, die mit dem Schwarzen Donnerstag begann Great Depression
28%
1921 Krankheit, mit der Franklin D. Roosevelt diagnostiziert wurde Polio
17%
Keine übereinstimmenden Quizze gefunden
Verteilung der Resultate
Anzahl Personen mit jedem Resultat
Perzentil nach korrekt beantworteten Fragen
Ihre Resultats-Entwicklung
Sie haben dieses Quiz noch nicht gespielt